000 00990nas a2200313 4500
001 BR2012008532
003 BR-BrBNA
005 20231205121439.0
007 ta
008 230509b bl.|||p| |||| 00| 00por d
040 _aBR-BrBNA
_bpor
_cBiblioteca Nacional de Agricultura
041 _a(Pt)
072 _aF03
100 1 _aSousa, D.M.M.
100 1 _aBruno, R. de L.A.
100 1 _aDornelas, C.S.M.
100 1 _aAlves, E.U.
100 1 _aAndrade, A.P. de
100 1 _aNascimento, L.C. do
245 1 _aCaracterização morfológica de frutos e sementes e desenvolvimento pós-seminal de Tamarindus indica L. - Leguminosae: Caesalpinioideae
650 _aTAMARINDO
650 _aTAMARINDUS INDICA
650 _aLEGUMINOSEAE
650 _aMORFOLOGIA VEGETAL
650 _aCRESCIMENTO
773 0 _tRevista Árvore (Brazil)
_xISSN 0100-6762
_g(Nov-Dec 2010), v. 34(6) p. 1009-1015
_wBR2012008532
909 _a202311
_bLúcia
_c55
_dLúcia Elande
942 _2AGRIS
_n0
_cANA
999 _c223618
_d223618